| 000 | 01263nam a22002537a 4500 | ||
|---|---|---|---|
| 003 | OSt | ||
| 005 | 20210225144112.0 | ||
| 008 | 210225s1977 ck d||gr|||| 00| 0 spa d | ||
| 040 |
_aCO-JMCR _cCO-JMCR |
||
| 041 | 0 | _aspa | |
| 082 |
_a332.041 / _bC172o _223 |
||
| 100 | 1 |
_aCamacho Guizado, Alvaro, _eautor _913947 |
|
| 245 | 1 | 3 |
_aLa organización social de la centralización del capital en Colombia / _cAlvarado Camacho Guizado |
| 250 | _aPrimera edición | ||
| 260 |
_aCali, Colombia : _bUniversidad del Valle, _c1977 |
||
| 300 |
_a150 páginas : _bilustraciones y graficas a blanco y negro ; _c21 cm. |
||
| 505 | 0 | _aAcumulación y centralización -- Tendencias generales de la acumulación y centralización capital en Colombia -- La organización social de la centralización del capital en Colombia (1960-1970) -- Algunas conclusiones generales | |
| 520 | 0 | _aEs esta una obra seria que estudia las características del desarrollo acumulativo del capital en nuestro país, las especificaciones del sistema financiero colombiano y las formas diversas de concentración empresarial. | |
| 650 | 2 | 4 |
_aCorporaciones _9543 |
| 650 | 2 | 4 |
_aCondiciones sociales _913948 |
| 650 | 2 | 4 |
_aHistoria económica _913949 |
| 650 | 2 | 4 |
_aFinanzas _913950 |
| 942 |
_2ddc _cBK |
||
| 999 |
_c7330 _d7330 |
||